<?xml version="1.0" encoding="UTF-8"?>
<record
    xmlns:xsi="http://www.w3.org/2001/XMLSchema-instance"
    xsi:schemaLocation="http://www.loc.gov/MARC21/slim http://www.loc.gov/standards/marcxml/schema/MARC21slim.xsd"
    xmlns="http://www.loc.gov/MARC21/slim">

  <leader>01294    a2200217   4500</leader>
  <controlfield tag="003">Nust</controlfield>
  <controlfield tag="005">20230315121748.0</controlfield>
  <datafield tag="010" ind1=" " ind2=" ">
    <subfield code="a">   93031074</subfield>
  </datafield>
  <datafield tag="020" ind1=" " ind2=" ">
    <subfield code="a">0531111660</subfield>
  </datafield>
  <datafield tag="040" ind1=" " ind2=" ">
    <subfield code="c">Nust</subfield>
  </datafield>
  <datafield tag="082" ind1="0" ind2="0">
    <subfield code="a">500.954,GRE</subfield>
  </datafield>
  <datafield tag="100" ind1="1" ind2=" ">
    <subfield code="a">Gregory, Sir Richard</subfield>
    <subfield code="9">110307</subfield>
  </datafield>
  <datafield tag="245" ind1="1" ind2="0">
    <subfield code="a">Experimental Science for Indian Schools /</subfield>
    <subfield code="c">Sir Richard Gregory, Bart and F W Hodges</subfield>
  </datafield>
  <datafield tag="260" ind1=" " ind2=" ">
    <subfield code="a"> London</subfield>
    <subfield code="b">Macmillan</subfield>
    <subfield code="c">c1946</subfield>
  </datafield>
  <datafield tag="300" ind1=" " ind2=" ">
    <subfield code="a">479 p. :</subfield>
    <subfield code="b">ill ;</subfield>
    <subfield code="c">24 cm.</subfield>
  </datafield>
  <datafield tag="440" ind1=" " ind2="3">
    <subfield code="a">An experimental science book</subfield>
    <subfield code="9">110308</subfield>
  </datafield>
  <datafield tag="505" ind1=" " ind2=" ">
    <subfield code="a">Measurement of Space and Time (Page-1), Mass, Weight and Density (Page-31), Physical Properties and States of Matter (Page-41), Liquid Pressure (Page-57), Pressure of the Atmosphere (Page-73), Propagation Through Air (Page-95), Motion, Force, Gravity, Work and Power (Page-101), Parallel Forces (Page-119), Effects of Heat (Page-137), Quantity of Heat (Page-159), Transference of Heat (Page-195), Light (Page-217), Magnetism and Current Electricity (Page-245), Static Electricity (Page-281), Introductory Chemistry (Page-295), Burning and Rusting (Page-305), The Chief Gases of the Air (Page-323), Water (Page-341), Sulphur (Page-355), Carbon and Coal Combustion (Page-363).</subfield>
  </datafield>
  <datafield tag="650" ind1=" " ind2="0">
    <subfield code="a"> Experimenting with science</subfield>
    <subfield code="9">110309</subfield>
  </datafield>
  <datafield tag="700" ind1="1" ind2=" ">
    <subfield code="a">Collins, Betty.</subfield>
    <subfield code="9">110310</subfield>
  </datafield>
  <datafield tag="942" ind1=" " ind2=" ">
    <subfield code="2">ddc</subfield>
    <subfield code="c">BK</subfield>
  </datafield>
  <datafield tag="999" ind1=" " ind2=" ">
    <subfield code="c">179697</subfield>
    <subfield code="d">179697</subfield>
  </datafield>
  <datafield tag="952" ind1=" " ind2=" ">
    <subfield code="0">0</subfield>
    <subfield code="1">0</subfield>
    <subfield code="2">ddc</subfield>
    <subfield code="4">0</subfield>
    <subfield code="7">0</subfield>
    <subfield code="a">MCS</subfield>
    <subfield code="b">MCS</subfield>
    <subfield code="c">GEN</subfield>
    <subfield code="d">2016-12-12</subfield>
    <subfield code="o">500.954,GRE</subfield>
    <subfield code="p">MCS6018</subfield>
    <subfield code="r">2016-12-08</subfield>
    <subfield code="w">2016-12-12</subfield>
    <subfield code="y">BK</subfield>
    <subfield code="z">Almirah No.74, Shelf No.4</subfield>
  </datafield>
</record>
